Alle Bahnhöfe in Hamburg (SPNV) - Statistiken

Allgemein
  • Dieses Quiz wurde 84 mal gespielt
    43 seit der letzten Aktualisierung
  • Das Durchschnittsergebnis liegt bei 36 aus 61
Antwortstatistiken
Station % Korrekt
Hamburg-Altona
94%
Hamburg-Harburg
94%
Hamburg Hauptbahnhof
90%
Hamburg Dammtor (Messe/CCH)
81%
Hamburg Reeperbahn
81%
Hamburg Jungfernstieg
77%
Hamburg Landungsbrücken
77%
Hamburg Berliner Tor
74%
Hamburg-Blankenese
74%
Hamburg-Sternschanze
74%
Hamburg-Veddel (BallinStadt)
74%
Hamburg Airport (Flughafen)
71%
Hamburg-Bergedorf
71%
Hamburg-Harburg Rathaus
71%
Hamburg Königstraße
71%
Hamburg-Ottensen
71%
Hamburg-Wilhelmsburg
71%
Hamburg Elbbrücken
68%
Hamburg-Hammerbrook (City Süd)
68%
Hamburg-Neugraben
68%
Hamburg-Ohlsdorf
68%
Hamburg-Poppenbüttel
68%
Hamburg Diebsteich
65%
Hamburg-Eidelstedt
65%
Hamburg Elbgaustraße
65%
Hamburg-Fischbek
61%
Hamburg Holstenstraße
61%
Hamburg-Othmarschen
61%
Hamburg Rothenburgsort
61%
Hamburg-Stellingen
61%
Hamburg Hasselbrook
58%
Hamburg Stadthausbrücke
58%
Hamburg-Bahrenfeld
52%
Hamburg-Barmbek
52%
Hamburg-Eidelstedt Zentrum
52%
Hamburg-Heimfeld
52%
Hamburg-Langenfelde
52%
Hamburg-Nettelnburg
52%
Hamburg-Rahlstedt
52%
Hamburg-Schnelsen (Arenen)
52%
Hamburg-Neuwiedenthal
48%
Hamburg-Tonndorf
48%
Hamburg Wandsbeker Chaussee
48%
Hamburg-Wellingsbüttel
48%
Hamburg-Allermöhe
45%
Hamburg Billwerder-Moorfleet
45%
Hamburg Hörgensweg
45%
Hamburg-Iserbrook
45%
Hamburg Landwehr
45%
Hamburg-Rissen
45%
Hamburg Klein Flottbek (Botanischer Garten)
42%
Hamburg Mittlerer Landweg
42%
Hamburg-Sülldorf
42%
Hamburg-Tiefstack
42%
Hamburg Alte Wöhr (Stadtpark)
39%
Hamburg Hoheneichen
39%
Hamburg Friedrichsberg
35%
Hamburg Hochkamp
35%
Hamburg Kornweg (Klein Borstel)
35%
Hamburg Rübenkamp (CIty Nord)
35%
Hamburg Burgwedel
32%
Keine übereinstimmenden Quizze gefunden
Verteilung der Resultate
Anzahl Personen mit jedem Resultat
Perzentil nach korrekt beantworteten Fragen
Ihre Resultats-Entwicklung
Sie haben dieses Quiz seit der letzten Aktualisierung nicht gespielt